000 00752nam a2200229Ii 4500
003 JO-AjNU
008 230605s9999||||xx |||||||||||||| ||und||
017 _a1427/2311
020 _a9960-53-046-9
040 _aJO-AjNU
_bara
_erda
_cJO-AjNU
041 _aara
050 1 4 _aBP75.2 2006
100 3 _aتاليف نور، ربيع عبد العزيز؛ مراجعة واخراح دار القاسم,
_eauthor
_948644
245 0 0 _aالروضة الزكية لنصرة خير البرية
250 _aط1
264 3 1 _aالرياض: دار القاسم، 2009
300 _a147ص
336 _atext
_btxt
_2rdacontent
337 _aunmediated
_bn
_2rdamedia
338 _avolume
_bnc
_2rdacarrier
650 4 _aالسيرة النبوية
_948645
999 _aA21317
_c24885
_d24885